000 00717nam a22002177a 4500
003 OSt
005 20240924092046.0
008 240924b |||||||| |||| 00| 0 eng d
020 _a13: 9789810699055
040 _aDWCL-main lib.
_cOC
082 _aCirc. 338.9 T633i 2007
100 _aTODARO, MICHAEL P.
245 _aAn introduction to economic development /
_cMichael P. Todaro, Stephen C. Smith.
250 _aNinth edition.
260 _aSingapore :
_bPearson Education South Asia Pte. Ltd.,
_cc2009
300 _axxvii, 851 pages :
_billustrations ;
_c25 cm.
504 _aIncludes indexes.
650 _aEconomic development
700 _aSmith, Stephen C.
942 _2ddc
_cBK-CIRC
_kCirc 338.9 T633i 2007
_n1
999 _c3081
_d3081